[Event "Aeroflot Open 2016 B"]
[Site "Moscu RUS"]
[Date "2016.03.08"]
[Round "8.5"]
[White "Paravyan, David"]
[Black "Harutyunian, Tigran K"]
[Result "1/2-1/2"]
[WhiteElo "2506"]
[BlackElo "2426"]
[PlyCount "55"]
[EventDate "2016.03.01"]
[EventType "swiss"]
[EventRounds "9"]
[EventCountry "RUS"]
[Source "lmi"]
[SourceDate "2016.03.01"]

1. e4 e5 2. Nf3 Nc6 3. Bb5 a6 4. Ba4 Nf6 5. O-O Be7 6. d3 b5 7. Bb3 O-O 8. Nc3
d6 9. a3 Na5 10. Ba2 Be6 11. d4 Bxa2 12. Rxa2 Re8 13. Qd3 exd4 14. Nxd4 Qd7 15.
Bg5 g6 16. f4 c5 17. Nf3 Rad8 18. a4 Nc6 19. Raa1 Nb4 20. Qd2 Qb7 21. axb5 axb5
22. Qe2 Nxe4 23. Qxe4 d5 24. Nxd5 Nxd5 25. Bxe7 Rxe7 26. Qd3 Rde8 27. f5 Re2
28. Rae1 1/2-1/2

[Event "Aeroflot Open 2016 B"]
[Site "Moscu RUS"]
[Date "2016.03.08"]
[Round "8.6"]
[White "Chigaev, Maksim"]
[Black "Konovalov, Nikolay"]
[Result "1-0"]
[WhiteElo "2543"]
[BlackElo "2437"]
[PlyCount "95"]
[EventDate "2016.03.01"]
[EventType "swiss"]
[EventRounds "9"]
[EventCountry "RUS"]
[Source "lmi"]
[SourceDate "2016.03.01"]

1. e4 c5 2. Be2 Nc6 3. f4 g6 4. Nf3 Bg7 5. c3 d5 6. d3 dxe4 7. dxe4 Qxd1+ 8.
Bxd1 b6 9. Be3 Bb7 10. Nbd2 Nf6 11. Bc2 O-O-O 12. h3 e5 13. fxe5 Nd7 14. Bg5
Rdf8 15. Nc4 Ndxe5 16. Nd6+ Kc7 17. Nxb7 Kxb7 18. O-O-O h6 19. Nxe5 Nxe5 20.
Bh4 g5 21. Bg3 Rd8 22. Rdf1 Rd7 23. Bb3 c4 24. Bxe5 Bxe5 25. Bxc4 Bf4+ 26. Kb1
Kc7 27. Rf3 Rhd8 28. g3 Be5 29. Bd5 f5 30. Rxf5 Bxg3 31. Kc2 Re7 32. b4 Re5 33.
Rf3 Bf4 34. Kb3 Re7 35. Rhf1 Rf8 36. a4 Rd7 37. Rd1 h5 38. Rg1 Rg7 39. Be6 Re7
40. Bf5 Bd2 41. Rd3 Bf4 42. Rgd1 Rff7 43. Rd4 Rg7 44. Rc4+ Kb7 45. Bc8+ Kb8 46.
Rd8 a5 47. Be6+ Ka7 48. Bd5 1-0

[Event "Aeroflot Open 2016 B"]
[Site "Moscu RUS"]
[Date "2016.03.08"]
[Round "8.7"]
[White "Guo, Qi"]
[Black "Lugovskoy, Maxim"]
[Result "0-1"]
[WhiteElo "2435"]
[BlackElo "2499"]
[PlyCount "78"]
[EventDate "2016.03.01"]
[EventType "swiss"]
[EventRounds "9"]
[EventCountry "RUS"]
[Source "lmi"]
[SourceDate "2016.03.01"]

1. d4 e6 2. c4 b6 3. a3 Bb7 4. Nc3 f5 5. d5 Nf6 6. g3 Na6 7. Bg2 Nc5 8. Nh3 Bd6
9. Qc2 O-O 10. O-O exd5 11. cxd5 Nce4 12. Rd1 Nxc3 13. Qxc3 Ne4 14. Qc2 Qf6 15.
Be3 Rae8 16. Rac1 g5 17. b4 Qg6 18. Bd4 h5 19. f3 Nf6 20. Bxf6 Qxf6 21. f4 gxf4
22. Nxf4 h4 23. Qd3 Rf7 24. Rf1 Qh6 25. Rf3 Rg7 26. Kf2 Re4 27. e3 Qg5 28. Bh3
Re5 29. Rg1 Re4 30. Rc1 hxg3+ 31. hxg3 Rh7 32. Rg1 Qf6 33. g4 Bxf4 34. gxf5+
Kf8 35. Rxf4 Rxh3 36. Rxe4 Qb2+ 37. Ke1 Rh2 38. Re8+ Kxe8 39. Qe4+ Kf7 0-1

[Event "Aeroflot Open 2016 B"]
[Site "Moscu RUS"]
[Date "2016.03.08"]
[Round "8.8"]
[White "Kotanjian, Tigran"]
[Black "Gurvich, Vitaly"]
[Result "1/2-1/2"]
[WhiteElo "2487"]
[BlackElo "2338"]
[PlyCount "185"]
[EventDate "2016.03.01"]
[EventType "swiss"]
[EventRounds "9"]
[EventCountry "RUS"]
[Source "lmi"]
[SourceDate "2016.03.01"]

1. d4 Nf6 2. c4 g6 3. Nc3 Bg7 4. e4 d6 5. Be2 O-O 6. Nf3 Na6 7. O-O e5 8. Be3
Ng4 9. Bg5 Qe8 10. dxe5 dxe5 11. c5 f6 12. Bxa6 bxa6 13. Bd2 c6 14. h3 Nh6 15.
Bxh6 Bxh6 16. Qe2 Rf7 17. Rad1 Bf8 18. Na4 Be6 19. b3 Qc8 20. Rd3 Qb7 21. Rfd1
Qb5 22. Qc2 Rc8 23. Nd2 Rcc7 24. Rc3 Rcd7 25. Nc4 Bxc4 26. Rxc4 Qb7 27. Rc3
Rxd1+ 28. Qxd1 Rd7 29. Rd3 Rxd3 30. Qxd3 Qb5 31. Qe3 Kf7 32. g3 a5 33. Kg2 Qb4
34. h4 h5 35. Qd3 Ke8 36. Qe3 Kf7 37. Kf1 Qb5+ 38. Kg2 Qb4 39. Qd3 Ke8 40. Qc2
Be7 41. Kf3 Qb5 42. Qe2 Kd7 43. Qd2+ Ke8 44. Kg2 Bf8 45. Qc3 Be7 46. Qf3 Qb4
47. g4 hxg4 48. Qxg4 Kf7 49. h5 gxh5 50. Qxh5+ Kg7 51. Qg4+ Kf7 52. Nb2 Qxc5
53. Nc4 a4 54. Qh5+ Ke6 55. Qe8 axb3 56. axb3 Qb5 57. Ne3 a5 58. Nf5 Qb4 59. f3
Qd2+ 60. Kh3 Qd8 61. Qxc6+ Kf7 62. Qc4+ Kf8 63. Qe6 Qe8 64. Kg2 Qd8 65. Kg3 Qe8
66. Qd5 Bb4 67. Kf2 Qc8 68. Kg2 Qe8 69. Qb7 Qg6+ 70. Kf1 Qg5 71. Qc8+ Kf7 72.
Qd7+ Kf8 73. Qd1 Kf7 74. Qd7+ Kf8 75. Qd8+ Kf7 76. Qc8 Qg6 77. Qb7+ Kf8 78.
Qa8+ Kf7 79. Qa7+ Kf8 80. Qe3 Qh5 81. Ke2 Qh1 82. Qh6+ Qxh6 83. Nxh6 Kg7 84.
Nf5+ Kg6 85. Ne3 Kg5 86. Nd5 f5 87. Kd3 f4 88. Nb6 Bd6 89. Kc4 Kh4 90. Kd3 Kg5
91. Nc4 Bc7 92. Ke2 Kh4 93. Nd2 1/2-1/2

[Event "Aeroflot Open 2016 B"]
[Site "Moscu RUS"]
[Date "2016.03.08"]
[Round "8.9"]
[White "Potapov, Pavel"]
[Black "Sagar, Shah"]
[Result "1/2-1/2"]
[WhiteElo "2486"]
[BlackElo "2425"]
[PlyCount "40"]
[EventDate "2016.03.01"]
[EventType "swiss"]
[EventRounds "9"]
[EventCountry "RUS"]
[Source "lmi"]
[SourceDate "2016.03.01"]

1. e4 c6 2. d4 d5 3. e5 Bf5 4. Nf3 e6 5. Be2 Nd7 6. O-O Bg6 7. Nbd2 Nh6 8. Nb3
Nf5 9. Bd2 Be7 10. a4 O-O 11. Re1 c5 12. dxc5 Nxc5 13. Nxc5 Bxc5 14. Bd3 Nh4
15. Nxh4 Qxh4 16. Be3 Rac8 17. c3 Bxe3 18. Rxe3 Bxd3 19. Rxd3 Rc4 20. Rd4 Rxd4
1/2-1/2

[Event "Aeroflot Open 2016 B"]
[Site "Moscu RUS"]
[Date "2016.03.08"]
[Round "8.10"]
[White "Kashlinskaya, Alina"]
[Black "Hayrapetyan, Hovik"]
[Result "1-0"]
[WhiteElo "2454"]
[BlackElo "2480"]
[PlyCount "63"]
[EventDate "2016.03.01"]
[EventType "swiss"]
[EventRounds "9"]
[EventCountry "RUS"]
[Source "lmi"]
[SourceDate "2016.03.01"]

1. d4 Nf6 2. c4 e6 3. Nc3 Bb4 4. Qc2 d5 5. cxd5 exd5 6. Bg5 h6 7. Bh4 O-O 8. e3
Re8 9. Bd3 c6 10. Nf3 Be7 11. O-O Nbd7 12. Bg3 Nf8 13. h3 Bd6 14. Ne5 Qe7 15.
Rae1 c5 16. f4 c4 17. Be2 Bb4 18. Bh4 Bxc3 19. bxc3 Qd6 20. Bf3 b5 21. Bxf6
gxf6 22. Nxf7 Kxf7 23. Bh5+ Ke7 24. Bxe8 Kxe8 25. e4 f5 26. exf5+ Kf7 27. Re5
a5 28. Qe2 b4 29. Qh5+ Kg7 30. Rf3 Qf6 31. Rg3+ Kh7 32. Qg4 1-0

[Event "Aeroflot Open 2016 B"]
[Site "Moscu RUS"]
[Date "2016.03.08"]
[Round "8.11"]
[White "Oganian, Miran"]
[Black "Papin, Vasily"]
[Result "1/2-1/2"]
[WhiteElo "2422"]
[BlackElo "2476"]
[PlyCount "30"]
[EventDate "2016.03.01"]
[EventType "swiss"]
[EventRounds "9"]
[EventCountry "RUS"]
[Source "lmi"]
[SourceDate "2016.03.01"]

1. d4 d5 2. c4 c6 3. Nf3 Nf6 4. Qc2 dxc4 5. Qxc4 Bg4 6. Nbd2 Nbd7 7. g3 e6 8.
Bg2 Be7 9. O-O O-O 10. b3 Rc8 11. Bb2 b5 12. Qc2 c5 13. Rac1 Qb6 14. e4 Qa6 15.
Qb1 Rfd8 1/2-1/2

[Event "Aeroflot Open 2016 B"]
[Site "Moscu RUS"]
[Date "2016.03.08"]
[Round "8.12"]
[White "Abhishek, Kelkar"]
[Black "Moskalenko, Alexander"]
[Result "1/2-1/2"]
[WhiteElo "2375"]
[BlackElo "2475"]
[PlyCount "37"]
[EventDate "2016.03.01"]
[EventType "swiss"]
[EventRounds "9"]
[EventCountry "RUS"]
[Source "lmi"]
[SourceDate "2016.03.01"]

1. d4 Nf6 2. c4 c5 3. d5 b5 4. cxb5 a6 5. bxa6 Bxa6 6. Nc3 g6 7. Nf3 d6 8. g3
Bg7 9. Bg2 Nbd7 10. Rb1 O-O 11. O-O Qa5 12. Bd2 Ng4 13. Qc2 Nge5 14. Nxe5 Nxe5
15. b3 Qa3 16. Bc1 Qa5 17. Bd2 Qa3 18. Bc1 Qa5 19. Bd2 1/2-1/2

[Event "Aeroflot Open 2016 B"]
[Site "Moscu RUS"]
[Date "2016.03.08"]
[Round "8.13"]
[White "Wang, Chen"]
[Black "Baghdasaryan, Vahe"]
[Result "0-1"]
[WhiteElo "2526"]
[BlackElo "2436"]
[PlyCount "66"]
[EventDate "2016.03.01"]
[EventType "swiss"]
[EventRounds "9"]
[EventCountry "RUS"]
[Source "lmi"]
[SourceDate "2016.03.01"]

1. e4 c5 2. Nc3 d6 3. f4 g6 4. Nf3 Bg7 5. Bb5+ Bd7 6. Bc4 Nc6 7. O-O Na5 8. Be2
Nf6 9. Qe1 Nc6 10. d3 O-O 11. Qh4 Nd4 12. Bd1 Rc8 13. Kh1 b5 14. Ne2 Nxf3 15.
Rxf3 Bg4 16. Rf1 c4 17. Qf2 cxd3 18. cxd3 Nd7 19. Ng3 Bxd1 20. Rxd1 Qa5 21. d4
Rc7 22. f5 Rfc8 23. fxg6 fxg6 24. Bg5 Rc2 25. Qf3 Qb4 26. Qg4 Nf8 27. Bxe7 Qxb2
28. Nf1 Bxd4 29. Rab1 Qxa2 30. Rxb5 Rc1 31. h3 Qf2 32. Rxd4 Rxf1+ 33. Kh2 Rcc1
0-1

[Event "Aeroflot Open 2016 B"]
[Site "Moscu RUS"]
[Date "2016.03.08"]
[Round "8.14"]
[White "Li, Di"]
[Black "Gordievsky, Dmitry"]
[Result "0-1"]
[WhiteElo "2428"]
[BlackElo "2524"]
[PlyCount "52"]
[EventDate "2016.03.01"]
[EventType "swiss"]
[EventRounds "9"]
[EventCountry "RUS"]
[Source "lmi"]
[SourceDate "2016.03.01"]

1. Nf3 Nf6 2. g3 g6 3. Bg2 Bg7 4. c4 O-O 5. Nc3 c5 6. d4 Nc6 7. dxc5 Qa5 8. Qa4
Qxc5 9. Be3 Qa5 10. Qxa5 Nxa5 11. Nd5 Nxd5 12. cxd5 Bxb2 13. Rb1 Bc3+ 14. Bd2
Bxd2+ 15. Kxd2 b6 16. Rhc1 Bb7 17. Ne5 d6 18. Nc6 Bxc6 19. dxc6 Rac8 20. c7 e6
21. Rb5 d5 22. Kd3 Rfe8 23. e4 dxe4+ 24. Kxe4 Re7 25. Ke5 Rexc7 26. Rxc7 Rxc7
0-1

[Event "Aeroflot Open 2016 B"]
[Site "Moscu RUS"]
[Date "2016.03.08"]
[Round "8.15"]
[White "Nikolenko, Oleg"]
[Black "Sychev, Klementy"]
[Result "1/2-1/2"]
[WhiteElo "2511"]
[BlackElo "2424"]
[PlyCount "66"]
[EventDate "2016.03.01"]
[EventType "swiss"]
[EventRounds "9"]
[EventCountry "RUS"]
[Source "lmi"]
[SourceDate "2016.03.01"]

1. g3 d5 2. Bg2 Nf6 3. Nf3 e6 4. c4 Be7 5. d4 O-O 6. Qc2 c5 7. O-O cxd4 8. Nxd4
e5 9. Nf5 d4 10. Nxe7+ Qxe7 11. b4 Be6 12. Bg5 Nbd7 13. Nd2 h6 14. Bxf6 Nxf6
15. c5 Rac8 16. a3 Rfd8 17. Rac1 Rc7 18. Nc4 Bd5 19. Nd6 Bxg2 20. Kxg2 Qe6 21.
Qd3 b6 22. Nb5 Qc6+ 23. Kg1 Rcd7 24. Nd6 bxc5 25. bxc5 Ne8 26. Nf5 h5 27. e4 g6
28. Nh4 Nf6 29. Nf3 Qxe4 30. Qxe4 Nxe4 31. Nxe5 Rc7 32. Nd3 Rdc8 33. Rfd1 Nxc5
1/2-1/2

[Event "Aeroflot Open 2016 B"]
[Site "Moscu RUS"]
[Date "2016.03.08"]
[Round "8.16"]
[White "Pavlovic, Milos"]
[Black "Tsydypov, Zhamsaran"]
[Result "0-1"]
[WhiteElo "2494"]
[BlackElo "2425"]
[PlyCount "78"]
[EventDate "2016.03.01"]
[EventType "swiss"]
[EventRounds "9"]
[EventCountry "RUS"]
[Source "lmi"]
[SourceDate "2016.03.01"]

1. d4 g6 2. e4 Bg7 3. Nf3 d6 4. c3 Nf6 5. Bd3 O-O 6. O-O Nc6 7. Nbd2 e5 8. dxe5
dxe5 9. Nc4 Nh5 10. Bg5 Qd7 11. Bc2 h6 12. Qxd7 Bxd7 13. Be3 Be6 14. Nfd2 Rad8
15. Ba4 Bd7 16. Rfd1 b6 17. Nf3 Be8 18. Rxd8 Nxd8 19. Bb3 Nc6 20. h4 Kh7 21.
Rd1 f5 22. exf5 gxf5 23. Bc2 Kh8 24. b4 e4 25. Nd4 Nxd4 26. Bxd4 Nf4 27. Bxg7+
Kxg7 28. Rd2 Bf7 29. Ne3 Be6 30. Kf1 Ng6 31. Ke1 Nxh4 32. Rd4 f4 33. Rxe4 fxe3
34. Rxh4 Rxf2 35. Bd3 Rxg2 36. Re4 Kf6 37. Rxe3 Rxa2 38. Rf3+ Ke7 39. Be2 Rxe2+
0-1

[Event "Aeroflot Open 2016 B"]
[Site "Moscu RUS"]
[Date "2016.03.08"]
[Round "8.17"]
[White "Petrosyan, Manuel"]
[Black "Savitskiy, Sergey"]
[Result "1-0"]
[WhiteElo "2484"]
[BlackElo "2407"]
[PlyCount "81"]
[EventDate "2016.03.01"]
[EventType "swiss"]
[EventRounds "9"]
[EventCountry "RUS"]
[Source "lmi"]
[SourceDate "2016.03.01"]

1. d4 Nf6 2. c4 g6 3. g3 Bg7 4. Bg2 O-O 5. Nc3 d6 6. Nf3 Nc6 7. O-O Bf5 8. Bg5
h6 9. Be3 Ne4 10. Nxe4 Bxe4 11. d5 Bxf3 12. exf3 Ne5 13. Rc1 a5 14. f4 Nd7 15.
b3 Nc5 16. h4 Qd7 17. h5 Qf5 18. hxg6 Qxg6 19. Bf3 e5 20. dxe6 fxe6 21. Qc2
Qxc2 22. Rxc2 Rae8 23. Bxc5 dxc5 24. Bxb7 e5 25. Bc6 Rd8 26. fxe5 Bxe5 27. Kg2
Rd6 28. Bd5+ Kh8 29. Re2 Bd4 30. Re7 Rdf6 31. f4 c6 32. Be4 R8f7 33. Re8+ Kg7
34. Re1 Rd6 35. Bf3 Bf6 36. Kh3 Ra7 37. Rc8 a4 38. Ree8 axb3 39. Rg8+ Kf7 40.
Bh5+ Ke7 41. Rge8+ 1-0

[Event "Aeroflot Open 2016 B"]
[Site "Moscu RUS"]
[Date "2016.03.08"]
[Round "8.18"]
[White "Golubov, Saveliy"]
[Black "Kanter, Eduard"]
[Result "1-0"]
[WhiteElo "2469"]
[BlackElo "2353"]
[PlyCount "73"]
[EventDate "2016.03.01"]
[EventType "swiss"]
[EventRounds "9"]
[EventCountry "RUS"]
[Source "lmi"]
[SourceDate "2016.03.01"]

1. b3 e5 2. Bb2 d6 3. e3 Nf6 4. c4 g6 5. Nc3 Bg7 6. Nge2 O-O 7. g3 d5 8. cxd5
Nxd5 9. Bg2 Nb4 10. O-O Nd3 11. Ba3 Re8 12. Qc2 Nc6 13. Nd5 e4 14. Nec3 a5 15.
Rab1 f5 16. f3 exf3 17. Bxf3 Nce5 18. Be2 c6 19. Be7 Nb4 20. Bxd8 Nxc2 21. Nc7
Rxd8 22. Nxa8 b5 23. Rbc1 Nb4 24. d4 Ng4 25. Bxg4 fxg4 26. a3 Bh6 27. axb4
Bxe3+ 28. Kg2 Bb7 29. Nc7 axb4 30. Ne4 c5 31. d5 Bxc1 32. Rxc1 c4 33. bxc4 bxc4
34. Rxc4 Kf7 35. Rxb4 Bxd5 36. Nxd5 Rxd5 37. Rb7+ 1-0

[Event "Aeroflot Open 2016 B"]
[Site "Moscu RUS"]
[Date "2016.03.08"]
[Round "8.19"]
[White "Girya, Olga"]
[Black "Dai, Changren"]
[Result "1-0"]
[WhiteElo "2452"]
[BlackElo "2353"]
[PlyCount "83"]
[EventDate "2016.03.01"]
[EventType "swiss"]
[EventRounds "9"]
[EventCountry "RUS"]
[Source "lmi"]
[SourceDate "2016.03.01"]

1. d4 Nf6 2. c4 g6 3. Nf3 Bg7 4. g3 O-O 5. Bg2 d6 6. O-O Nc6 7. Nc3 a6 8. Bf4
Bd7 9. c5 Nh5 10. Be3 e5 11. cxd6 cxd6 12. dxe5 dxe5 13. Ne4 Qc7 14. Rc1 Rad8
15. Qb3 Be6 16. Qb6 Qb8 17. Nc5 Bd5 18. Qxb7 Nd4 19. Qxb8 Nxe2+ 20. Kh1 Rxb8
21. Rcd1 Bc6 22. Rd2 e4 23. Ng5 Rxb2 24. Rxb2 Bxb2 25. Ngxe4 f5 26. Rb1 Bg7 27.
Ng5 Bxg2+ 28. Kxg2 f4 29. Nce6 fxe3 30. Nxf8 Bxf8 31. fxe3 Nc3 32. Rb8 Ng7 33.
a3 h6 34. Nf3 Nf5 35. Ne5 Kg7 36. Rb6 Bxa3 37. Rxg6+ Kh7 38. Rxa6 Be7 39. Kf3
Nd5 40. Nc6 Bd6 41. e4 Nc7 42. Ra7 1-0

[Event "Aeroflot Open 2016 B"]
[Site "Moscu RUS"]
[Date "2016.03.08"]
[Round "8.20"]
[White "Praggnanandhaa, R."]
[Black "Schreiner, Peter"]
[Result "0-1"]
[WhiteElo "2339"]
[BlackElo "2446"]
[PlyCount "110"]
[EventDate "2016.03.01"]
[EventType "swiss"]
[EventRounds "9"]
[EventCountry "RUS"]
[Source "lmi"]
[SourceDate "2016.03.01"]

1. e4 e5 2. Nf3 Nc6 3. Bc4 Nf6 4. d3 Be7 5. O-O O-O 6. Re1 d6 7. c3 Na5 8. Bb5
a6 9. Ba4 c5 10. Nbd2 b5 11. Bc2 Nc6 12. Nf1 Re8 13. a3 h6 14. Rb1 Bf8 15. b4
d5 16. exd5 Nxd5 17. Bb2 cxb4 18. cxb4 Nf4 19. Ng3 Bb7 20. Bc1 Nd4 21. Nxd4
Qxd4 22. Be3 Qd7 23. Bxf4 exf4 24. Rxe8 Qxe8 25. Ne4 a5 26. Qf3 Qc8 27. Bb3 a4
28. Ba2 Qc2 29. Ra1 Qb2 30. Qd1 Rd8 31. Nc5 Bxc5 32. bxc5 Qd4 33. Rc1 Qxd3 34.
Qe1 Bc6 35. h4 Qxa3 36. Bb1 Qb3 37. Qe7 Re8 38. Qc7 Qd5 39. f3 Qd2 40. Rf1 Qd4+
41. Kh2 Qf6 42. Kg1 b4 43. Rd1 b3 44. Qb6 h5 45. Rc1 g6 46. Rd1 Kg7 47. Bd3 Rd8
48. Qb4 Qd4+ 49. Qxd4+ Rxd4 50. Be2 Rxd1+ 51. Bxd1 Bd5 52. Kf2 a3 53. c6 a2 54.
c7 Bb7 55. Bxb3 a1=Q 0-1

[Event "Aeroflot Open 2016 B"]
[Site "Moscu RUS"]
[Date "2016.03.08"]
[Round "8.21"]
[White "Zhang, Ziji"]
[Black "Venkatesh, M.R."]
[Result "0-1"]
[WhiteElo "2283"]
[BlackElo "2443"]
[PlyCount "94"]
[EventDate "2016.03.01"]
[EventType "swiss"]
[EventRounds "9"]
[EventCountry "RUS"]
[Source "lmi"]
[SourceDate "2016.03.01"]

1. d4 Nf6 2. c4 g6 3. Nf3 Bg7 4. g3 O-O 5. Bg2 d6 6. O-O c6 7. Nc3 Qa5 8. e4 e5
9. h3 Nbd7 10. Re1 exd4 11. Nxd4 Ne5 12. Bf1 Re8 13. Bf4 Qb6 14. Nb3 Be6 15.
Be3 Qc7 16. Nd2 Rad8 17. f4 Ned7 18. Qf3 Nb6 19. Rac1 Qe7 20. Qf2 Nc8 21. Rcd1
Qc7 22. Bg2 Qa5 23. c5 dxc5 24. f5 gxf5 25. exf5 Bd5 26. Bxc5 Rxe1+ 27. Rxe1
Bxg2 28. Nb3 Qc7 29. Kxg2 b6 30. Bd4 Nd6 31. g4 h6 32. Nd2 Qb7 33. Be3 Re8 34.
Bf4 c5+ 35. Kg3 Rxe1 36. Qxe1 Nxf5+ 37. gxf5 Nh5+ 38. Kg4 Qg2+ 39. Bg3 Nxg3 40.
Qxg3 Qxd2 41. Ne4 Qxb2 42. Qb8+ Kh7 43. Qxa7 Qe5 44. Qb7 c4 45. Qc6 Qd4 46. Qe8
c3 47. f6 c2 0-1

[Event "Aeroflot Open 2016 B"]
[Site "Moscu RUS"]
[Date "2016.03.08"]
[Round "8.22"]
[White "Rogozenco, Dorian"]
[Black "Iljin, Timofey"]
[Result "1/2-1/2"]
[WhiteElo "2500"]
[BlackElo "2330"]
[PlyCount "120"]
[EventDate "2016.03.01"]
[EventType "swiss"]
[EventRounds "9"]
[EventCountry "RUS"]
[Source "lmi"]
[SourceDate "2016.03.01"]

1. d4 d5 2. c4 e6 3. Nc3 Bb4 4. Nf3 Nf6 5. cxd5 exd5 6. Bg5 h6 7. Bh4 Bf5 8. e3
Nbd7 9. Be2 c6 10. O-O Bd6 11. Rc1 O-O 12. Na4 g5 13. Bg3 Bxg3 14. hxg3 Qe7 15.
Nc5 Nxc5 16. dxc5 Ne4 17. b4 a6 18. a4 Rae8 19. b5 a5 20. Nd4 Bd7 21. Bd3 Nxc5
22. bxc6 bxc6 23. Bf5 Be6 24. Qc2 Nd7 25. Qxc6 Ne5 26. Qc3 Bxf5 27. Nxf5 Qf6
28. Nd4 Nc4 29. Rfd1 Rc8 30. Rb1 Rfe8 31. Qd3 Rb8 32. Qf5 Qxf5 33. Nxf5 Kh7 34.
g4 Rb4 35. Rxb4 axb4 36. Nd4 Na5 37. Rb1 Rb8 38. Nb3 Nc4 39. Rd1 Ra8 40. Rxd5
Rxa4 41. Rb5 Nd6 42. Rb6 Nc4 43. Rb7 Nd6 44. Rb8 Nc4 45. Kh2 Ra2 46. Rxb4 Ne5
47. Re4 Nd3 48. f3 Ne1 49. Nd4 Rxg2+ 50. Kh3 Rg1 51. Re7 Kg6 52. Ra7 Nd3 53.
Ra6+ f6 54. Ra7 h5 55. Kh2 Re1 56. Nf5 Re2+ 57. Kg1 Re1+ 58. Kg2 Re2+ 59. Kf1
Re1+ 60. Kg2 Re2+ 1/2-1/2

[Event "Aeroflot Open 2016 B"]
[Site "Moscu RUS"]
[Date "2016.03.08"]
[Round "8.23"]
[White "Demianjuk, Alexander"]
[Black "Kharchenko, Boris"]
[Result "1/2-1/2"]
[WhiteElo "2336"]
[BlackElo "2488"]
[PlyCount "129"]
[EventDate "2016.03.01"]
[EventType "swiss"]
[EventRounds "9"]
[EventCountry "RUS"]
[Source "lmi"]
[SourceDate "2016.03.01"]

1. d4 d5 2. c4 c6 3. Nf3 Nf6 4. Nc3 dxc4 5. a4 Bf5 6. Ne5 Nbd7 7. Nxc4 Qc7 8.
g3 e5 9. dxe5 Nxe5 10. Bf4 Nfd7 11. Bg2 f6 12. O-O Nc5 13. Ne3 Bg6 14. b4 Ne6
15. b5 Rd8 16. Qb3 Nc5 17. Qa2 Bd6 18. bxc6 bxc6 19. Nc4 Be7 20. Nxe5 fxe5 21.
Be3 Bf7 22. Qc2 O-O 23. Bxc5 Bxc5 24. e3 Bb4 25. Rfd1 Qe7 26. Ne4 c5 27. h4 h6
28. Bf1 Kh8 29. Bc4 Bh5 30. Be2 Bg6 31. Qc4 Bf7 32. Qc2 a5 33. Rxd8 Rxd8 34.
Rc1 Ba3 35. Ra1 Bb4 36. Rc1 Ba3 37. Rd1 Rxd1+ 38. Qxd1 c4 39. Nc3 Bb4 40. Qc2
Qc5 41. g4 Kg8 42. h5 Kf8 43. Bf3 Qd6 44. Be2 Qc6 45. Kh2 Ke7 46. Kg3 Qc5 47.
Bf3 Bxc3 48. Qxc3 Be8 49. Bd1 Kd6 50. Bc2 Qb4 51. Qa1 Bc6 52. Qd1+ Kc7 53. Kh2
c3 54. Kg3 Qd6 55. Qe2 Qd5 56. f3 Kd6 57. Be4 Qc5 58. Qa6 Kd7 59. Bf5+ Ke7 60.
Qc8 Qd6 61. Qg8 e4+ 62. f4 Qc5 63. Qe6+ Kd8 64. Qc8+ Ke7 65. Qe6+ 1/2-1/2

[Event "Aeroflot Open 2016 B"]
[Site "Moscu RUS"]
[Date "2016.03.08"]
[Round "8.24"]
[White "Murtazin, Bulat"]
[Black "Dvalishvili, Pavel S"]
[Result "0-1"]
[WhiteElo "2315"]
[BlackElo "2442"]
[PlyCount "120"]
[EventDate "2016.03.01"]
[EventType "swiss"]
[EventRounds "9"]
[EventCountry "RUS"]
[Source "lmi"]
[SourceDate "2016.03.01"]

1. d4 Nf6 2. c4 e6 3. Nf3 b6 4. g3 Bb7 5. Bg2 Bb4+ 6. Bd2 Bxd2+ 7. Qxd2 c5 8.
d5 exd5 9. Nh4 Ne4 10. Qf4 Qf6 11. Qxf6 Nxf6 12. Nc3 O-O 13. Nf5 Nc6 14. Nxd5
Nxd5 15. Bxd5 Ba6 16. Nd6 Rad8 17. O-O-O Rb8 18. Rd2 Nb4 19. a4 Nxd5 20. Rxd5
Bb7 21. Nxb7 Rxb7 22. Rhd1 Rd8 23. a5 Kf8 24. a6 Rc7 25. e4 Ke7 26. Rd6 Rb8 27.
Kc2 b5 28. Kc3 bxc4 29. R1d2 Rb4 30. e5 g5 31. f4 gxf4 32. gxf4 Rb3+ 33. Kc2
Rf3 34. Rf6 h5 35. Rg2 Rc8 36. h4 d5 37. Rg7 Rf8 38. f5 d4 39. Rc6 Rf2+ 40. Kb1
Rxf5 41. Rxc5 Rf1+ 42. Ka2 d3 43. Rg2 Rd8 44. Rd2 Rc1 45. Ka3 Ke6 46. Rc7 Kxe5
47. Rxa7 Kd4 48. Rxf7 Ra1+ 49. Kb4 Rxa6 50. Rf4+ Ke3 51. Rdf2 d2 52. R4f3+ Ke4
53. Rf4+ Kd3 54. Rf1 Rc6 55. Kb5 Rc7 56. R4f3+ Kc2 57. Kb6 Rcc8 58. R3f2 Kxb2
59. Kb7 c3 60. Rf6 Rb8+ 0-1

[Event "Aeroflot Open 2016 B"]
[Site "Moscu RUS"]
[Date "2016.03.08"]
[Round "8.25"]
[White "Balashov, Yuri S"]
[Black "Torosyan, Norayr"]
[Result "1-0"]
[WhiteElo "2408"]
[BlackElo "2378"]
[PlyCount "107"]
[EventDate "2016.03.01"]
[EventType "swiss"]
[EventRounds "9"]
[EventCountry "RUS"]
[Source "lmi"]
[SourceDate "2016.03.01"]

1. e4 c6 2. c4 d5 3. exd5 cxd5 4. cxd5 Nf6 5. Nc3 Nxd5 6. Nf3 Nc6 7. Bb5 e6 8.
O-O Be7 9. d4 O-O 10. Re1 Nxc3 11. bxc3 Qc7 12. Qe2 Bf6 13. Qe4 Ne7 14. Bd3 Ng6
15. h4 Qxc3 16. Bg5 Bxg5 17. Nxg5 f5 18. Qe3 Rd8 19. Nxe6 Bxe6 20. Qxe6+ Kh8
21. Bxf5 Nxh4 22. Rac1 Qd2 23. Bb1 Rf8 24. Qe3 Qb4 25. Rc5 Qb6 26. Rh5 Ng6 27.
Qh3 h6 28. Rxh6+ gxh6 29. Qxh6+ Kg8 30. Bxg6 Qc7 31. Be4 Qf7 32. Qg5+ Qg7 33.
Qh5 Rf6 34. Bd5+ Kf8 35. Bb3 Rc8 36. Qa5 Qc7 37. Qb4+ Rd6 38. d5 Qb6 39. Qe4
Rc7 40. Qe8+ Kg7 41. Qe5+ Rf6 42. Re3 Qd6 43. f4 b5 44. g4 a5 45. g5 Qxe5 46.
fxe5 Rf4 47. d6 Rc1+ 48. Kg2 Rd4 49. e6 Rxd6 50. e7 Rc8 51. e8=Q Rxe8 52. Rxe8
a4 53. Rg8+ Kh7 54. Bf7 1-0

[Event "Aeroflot Open 2016 B"]
[Site "Moscu RUS"]
[Date "2016.03.08"]
[Round "8.26"]
[White "Soumya, Swaminathan"]
[Black "Wang, Jue"]
[Result "0-1"]
[WhiteElo "2384"]
[BlackElo "2369"]
[PlyCount "129"]
[EventDate "2016.03.01"]
[EventType "swiss"]
[EventRounds "9"]
[EventCountry "RUS"]
[Source "lmi"]
[SourceDate "2016.03.01"]

1. e4 c5 2. Nf3 d6 3. d4 cxd4 4. Nxd4 Nf6 5. Nc3 a6 6. Bg5 Nbd7 7. Qe2 Qa5 8.
Bd2 g6 9. g4 Bg7 10. g5 Nh5 11. Nd5 Qd8 12. Nf5 gxf5 13. f4 Nc5 14. Bg2 Nxe4
15. Bxe4 fxe4 16. Qxh5 Be6 17. Bc3 Bxc3+ 18. Nxc3 Qb6 19. O-O-O Qe3+ 20. Kb1
Qxf4 21. Rhe1 O-O-O 22. Rxe4 Qf5 23. Ra4 Kb8 24. Qh4 Rc8 25. Qd4 Qc5 26. h4
Qxd4 27. Raxd4 Rc5 28. Re4 Rg8 29. Na4 Rf5 30. b3 Rc8 31. Rd2 Rg8 32. Nc3 h6
33. gxh6 Rh5 34. Ne2 Rxh6 35. Nd4 Rgg6 36. Nf3 Rg4 37. Re1 Kc7 38. c4 Kc6 39.
Kb2 Rf4 40. Re3 b6 41. Rg2 Rhf6 42. Rg3 Kd7 43. Kc3 Bg4 44. Ne1 Bf5 45. Rg8 e5
46. Nf3 Bh7 47. Rg3 Bg6 48. Rh3 Bf5 49. Rh2 Rh6 50. a4 f6 51. a5 bxa5 52. Ra2
Be4 53. Nd2 Rhxh4 54. Nxe4 Rxe4 55. Rg3 Reg4 56. Rf3 e4 57. Rxf6 Rh3+ 58. Kb2
Rg2+ 59. Ka3 Rxa2+ 60. Kxa2 e3 61. Rf4 Rh5 62. Rf1 e2 63. Re1 Re5 64. Kb2 Kc6
65. Kc3 0-1